<?xml version="1.0" encoding="UTF-8"?>
<record
    xmlns:xsi="http://www.w3.org/2001/XMLSchema-instance"
    xsi:schemaLocation="http://www.loc.gov/MARC21/slim http://www.loc.gov/standards/marcxml/schema/MARC21slim.xsd"
    xmlns="http://www.loc.gov/MARC21/slim">

  <leader>03391nam a2200553Ia 4500</leader>
  <controlfield tag="001">3007</controlfield>
  <controlfield tag="008">241029s9999    xx            000 0 und d</controlfield>
  <datafield tag="010" ind1=" " ind2=" ">
    <subfield code="a">2820</subfield>
  </datafield>
  <datafield tag="041" ind1=" " ind2=" ">
    <subfield code="a">Espa&#xF1;ol</subfield>
  </datafield>
  <datafield tag="082" ind1=" " ind2=" ">
    <subfield code="a">INTEC C y H 0056</subfield>
  </datafield>
  <datafield tag="245" ind1=" " ind2="0">
    <subfield code="a">Caracter&#xED;sticas de la ense&#xF1;anza-aprendizaje de la producci&#xF3;n escrita, seg&#xFA;n el curr&#xED;culo vigente, en la modalidad T&#xE9;cnico Profesional (Segundo Ciclo) del Distrito Educativo 10-04, Regional 10, Santo Domingo Este, Rep&#xFA;blica Dominicana 2008-2009.</subfield>
  </datafield>
  <datafield tag="260" ind1=" " ind2=" ">
    <subfield code="a">Santo Domingo</subfield>
  </datafield>
  <datafield tag="300" ind1=" " ind2=" ">
    <subfield code="a">127</subfield>
  </datafield>
  <datafield tag="520" ind1=" " ind2=" ">
    <subfield code="a">35</subfield>
  </datafield>
  <datafield tag="630" ind1=" " ind2=" ">
    <subfield code="a">Curr&#xED;culo</subfield>
  </datafield>
  <datafield tag="630" ind1=" " ind2=" ">
    <subfield code="a">Lenguaje y Lenguas-Ense&#xF1;anza</subfield>
  </datafield>
  <datafield tag="630" ind1=" " ind2=" ">
    <subfield code="a">Proceso de Ense&#xF1;anza-Aprendizaje</subfield>
  </datafield>
  <datafield tag="630" ind1=" " ind2=" ">
    <subfield code="a">Producci&#xF3;n Escrita</subfield>
  </datafield>
  <datafield tag="650" ind1=" " ind2=" ">
    <subfield code="a">Lengua Espa&#xF1;ola</subfield>
  </datafield>
  <datafield tag="690" ind1=" " ind2=" ">
    <subfield code="a">Copiado sin cambios</subfield>
  </datafield>
  <datafield tag="700" ind1=" " ind2=" ">
    <subfield code="e">asesor</subfield>
    <subfield code="a">Espinal, Olga </subfield>
  </datafield>
  <datafield tag="700" ind1=" " ind2=" ">
    <subfield code="e">autor</subfield>
    <subfield code="a">Rodr&#xED;guez N&#xFA;&#xF1;ez, Jos&#xE9; Alejandro</subfield>
  </datafield>
  <datafield tag="901" ind1=" " ind2=" ">
    <subfield code="a">{"1":"Rodr&#xED;guez N&#xFA;&#xF1;ez"}</subfield>
    <subfield code="b">{"1":"Jos&#xE9; Alejandro"}</subfield>
  </datafield>
  <datafield tag="902" ind1=" " ind2=" ">
    <subfield code="a">1</subfield>
  </datafield>
  <datafield tag="903" ind1=" " ind2=" ">
    <subfield code="a">{"1":"Espinal"}</subfield>
    <subfield code="b">{"1":"Olga "}</subfield>
  </datafield>
  <datafield tag="904" ind1=" " ind2=" ">
    <subfield code="a">Maestr&#xED;a en</subfield>
  </datafield>
  <datafield tag="905" ind1=" " ind2=" ">
    <subfield code="a">Ling&#xFC;&#xED;stica Aplicada</subfield>
  </datafield>
  <datafield tag="906" ind1=" " ind2=" ">
    <subfield code="a">2</subfield>
  </datafield>
  <datafield tag="907" ind1=" " ind2=" ">
    <subfield code="a">NO APLICA</subfield>
  </datafield>
  <datafield tag="908" ind1=" " ind2=" ">
    <subfield code="a">NO APLICA</subfield>
  </datafield>
  <datafield tag="909" ind1=" " ind2=" ">
    <subfield code="a">Instituto Tecnol&#xF3;gico de Santo Domingo (INTEC)</subfield>
  </datafield>
  <datafield tag="910" ind1=" " ind2=" ">
    <subfield code="a">NULL</subfield>
    <subfield code="b">NULL</subfield>
  </datafield>
  <datafield tag="911" ind1=" " ind2=" ">
    <subfield code="a">["1"]</subfield>
  </datafield>
  <datafield tag="912" ind1=" " ind2=" ">
    <subfield code="a">NO APLICA</subfield>
  </datafield>
  <datafield tag="913" ind1=" " ind2=" ">
    <subfield code="a">NULL</subfield>
  </datafield>
  <datafield tag="914" ind1=" " ind2=" ">
    <subfield code="a">01 de Junio de 2009</subfield>
  </datafield>
  <datafield tag="915" ind1=" " ind2=" ">
    <subfield code="a">14/11/19 05:11</subfield>
  </datafield>
  <datafield tag="916" ind1=" " ind2=" ">
    <subfield code="a">NULL</subfield>
  </datafield>
  <datafield tag="917" ind1=" " ind2=" ">
    <subfield code="a">NULL</subfield>
  </datafield>
  <datafield tag="918" ind1=" " ind2=" ">
    <subfield code="a">NO APLICA</subfield>
  </datafield>
  <datafield tag="919" ind1=" " ind2=" ">
    <subfield code="a">["52","130","163","166"]</subfield>
  </datafield>
  <datafield tag="520" ind1=" " ind2=" ">
    <subfield code="a">Esta investigaci&#xF3;n tuvo como prop&#xF3;sito determinar c&#xF3;mo se desarrolla, seg&#xFA;n el curr&#xED;culo vigente de Lengua Espa&#xF1;ola, la ense&#xF1;anza-aprendizaje&#xA0;de la producci&#xF3;n escrita en la modalidad T&#xE9;cnico Profesional.El estudio estuvo basado en un enfoque mixto, es decir, cualitativo a la vez. El tipo de investigaci&#xF3;n corresponde a un estudio de caso de car&#xE1;cter descriptivo que se proyecta en los Centros de la modalidad T&#xE9;cnico Profesional correspondiente al Distrito 10-04. El m&#xE9;todo de investigaci&#xF3;n fue inductivo, ya que se observ&#xF3; el desarrollo de la ense&#xF1;anza-aprendizaje&#xA0;de la producci&#xF3;n escrita en funci&#xF3;n del curr&#xED;culo vigente de la Lengua Espa&#xF1;ola, empleado por los docentes de un &#xE1;rea, una modalidad, en el Segundo Ciclo del Nivel Medio. Las t&#xE9;cnicas aplicadas fueron basadas en fichas de observaci&#xF3;n de clase, cuadernos y registros, encuestas a profesores y cuestionarios a estudiantes y profesores. La muestra fue seleccionada en tres (3) centros educativos tomando en cuenta caracter&#xED;sticas homog&#xE9;neas de los mismos.A trav&#xE9;s de las conclusiones se determin&#xF3;, que la ense&#xF1;anza-aprendizaje&#xA0;de la producci&#xF3;n escrita desarrollada por los docentes de los Centros objetos de investigaci&#xF3;n, carece de procesos sistem&#xE1;ticos. Esto queda revelado en las observaciones a las pr&#xE1;cticas pedag&#xF3;gicas, problemas de inconsistencias en la clase, cuadernos de estudiantes, as&#xED; como en resultados de las encuestas o cuestionarios aplicados a estudiantes y profesores. Diversas razones conllevan a esta realidad: desconocimiento por parte de los docentes de los contenidos curriculares de producci&#xF3;n escrita, inconsistencia de la planificaci&#xF3;n de contenidos curriculares, exceso en la poblaci&#xF3;n estudiantil y poca disponibilidad de tiempo (horas de clases).</subfield>
  </datafield>
  <datafield tag="921" ind1=" " ind2=" ">
    <subfield code="a">16</subfield>
  </datafield>
  <datafield tag="922" ind1=" " ind2=" ">
    <subfield code="a">16</subfield>
  </datafield>
  <datafield tag="923" ind1=" " ind2=" ">
    <subfield code="a">0</subfield>
  </datafield>
  <datafield tag="924" ind1=" " ind2=" ">
    <subfield code="a">NO APLICA</subfield>
  </datafield>
  <datafield tag="942" ind1=" " ind2=" ">
    <subfield code="c">Tesis</subfield>
  </datafield>
  <datafield tag="999" ind1=" " ind2=" ">
    <subfield code="c">2820</subfield>
    <subfield code="d">2820</subfield>
  </datafield>
</record>
